[Event "World Youth Girl U18 2016"]
[Site "Khanty-Mansiysk RUS"]
[Date "2016.09.24"]
[Round "3.24"]
[White "Hwang, Chyi"]
[Black "Sit, Victoria"]
[Result "1-0"]
[WhiteElo "1356"]
[BlackElo "1768"]
[WhiteFideId "16300920"]
[BlackFideId "425524"]
[EventDate "2016.09.22"]

1. e4 c5 2. Nc3 e6 3. g3 Nc6 4. Bg2 g6 5. d3 Bg7 6. f4 d6 7. Nf3 Rb8 8. O-O Nge7
9. Be3 Nd4 10. Bxd4 cxd4 11. Ne2 Nc6 12. Kh1 O-O 13. c3 dxc3 14. bxc3 f5 15. Bh3
Ne7 16. Ned4 Bd7 17. exf5 Nxf5 18. Nxf5 gxf5 19. d4 Qc8 20. Rc1 Bb5 21. Re1 Bc4
22. a3 b5 23. Bg2 Bd5 24. Ng5 Bxg2+ 25. Kxg2 Qb7+ 26. Qf3 e5 27. Qxb7 Rxb7 28.
fxe5 dxe5 29. Ne6 Bh6 30. Rc2 Re8 31. Rxe5 Rbe7 32. Rce2 Bc1 33. d5 Bxa3 34.
Rxf5 Rc8 35. Rc2 Bb4 36. Rf3 Rd7 37. Rcf2 Bd6 38. Rb2 a6 39. Ra2 Ra7 40. Nd4
Rca8 41. Nc6 Rc7 42. Rff2 Bc5 43. Rfb2 Rb7 44. Ra5 Bd6 45. c4 b4 46. Ra4 b3 47.
Na5 Re7 48. Rxb3 Re2+ 49. Kh3 Bc5 50. Ra1 Rc2 51. Rbb1 Bd6 52. Rc1 Be5 53. Rxc2
Bxa1 54. c5 Bf6 55. d6 Rc8 56. c6 1-0

[Event "World Youth Girl U18 2016"]
[Site "Khanty-Mansiysk RUS"]
[Date "2016.09.24"]
[Round "3.25"]
[White "Toshali, V"]
[Black "Tao, Rachel Long-Xin"]
[Result "1/2-1/2"]
[BlackTitle "WCM"]
[WhiteElo "1766"]
[BlackElo "1649"]
[WhiteFideId "5072611"]
[BlackFideId "2616300"]
[EventDate "2016.09.22"]

1. e4 c5 2. f4 Nc6 3. Nc3 a6 4. Nf3 g6 5. d3 Bg7 6. g3 e6 7. e5 d5 8. exd6 Qxd6
9. Ne4 Qe7 10. Bg2 Nf6 11. O-O O-O 12. Qe2 Nd5 13. c4 Nc7 14. Be3 b6 15. Qf2 Bb7
16. d4 f5 17. Nc3 Nxd4 18. Nxd4 Bxg2 19. Kxg2 cxd4 20. Bxd4 Bxd4 21. Qxd4 Rab8
22. Rad1 Rfd8 23. Qe5 Kf7 24. Rxd8 Rxd8 25. Re1 Rd2+ 26. Kh3 Qd8 27. Ne2 h6 28.
Ng1 g5 29. Re2 g4+ 30. Kg2 Qa8+ 31. Kf2 Rxe2+ 32. Nxe2 Qc6 33. b3 Qc5+ 34. Qxc5
bxc5 35. Nc3 Ke7 36. Kg2 Kd6 37. h3 h5 38. hxg4 hxg4 39. Kf2 e5 40. fxe5+ Kxe5
41. Ke3 Ne6 42. Na4 f4+ 43. gxf4+ Kf5 44. Nc3 Nxf4 45. a3 a5 46. Na2 g3 47. Kf3
g2 48. Kf2 Kg4 49. Nc3 Kh3 50. Kg1 Kg3 51. Ne4+ Kf3 52. Ng5+ Ke3 53. Nf7 Kd4 54.
Nd6 Kc3 55. Nb7 Kxb3 56. Nxa5+ Kxa3 57. Nb7 Kb4 58. Nd6 Kc3 59. Kf2 Kd4 60. Kg1
Ke3 61. Nf5+ Kf3 62. Nh4+ Ke4 63. Kf2 Kd4 64. Nf3+ Kxc4 65. Kg3 Ne2+ 66. Kxg2
Kd3 67. Kf2 Nc3 68. Ke1 Nb1 69. Kd1 Ke4 70. Ne1 c4 71. Kc2 Na3+ 72. Kc3 Kd5 73.
Nc2 Nb5+ 74. Kb4 1/2-1/2

[Event "World Youth Girl U18 2016"]
[Site "Khanty-Mansiysk RUS"]
[Date "2016.09.25"]
[Round "4.1"]
[White "Tsolakidou, Stavroula"]
[Black "Obolentseva, Alexandra"]
[Result "1/2-1/2"]
[WhiteTitle "WGM"]
[BlackTitle "WFM"]
[WhiteElo "2355"]
[BlackElo "2331"]
[WhiteFideId "4264312"]
[BlackFideId "24153648"]
[EventDate "2016.09.22"]

1. e4 c5 2. Nf3 d6 3. c3 Nf6 4. Be2 g6 5. O-O Bg7 6. Bb5+ Nbd7 7. Re1 O-O 8. d4
a6 9. Bd3 e5 10. d5 b5 11. b3 Nb6 12. a4 Bd7 13. a5 Nc8 14. Nbd2 Ne8 15. Nf1 f5
16. exf5 gxf5 17. Bg5 Nf6 18. Bc2 h6 19. Bh4 Ne7 20. Ng3 e4 21. Nd2 Ng6 22. Bxf6
Qxf6 23. Re3 Qg5 24. Ngxe4 fxe4 25. Rg3 Qf5 26. Nxe4 Kh8 27. Kh1 Ne5 28. Nxc5
Qf7 29. Ne4 Qe7 30. Qd2 Bf5 31. Re1 Rae8 32. h3 Qd7 33. Rge3 Bh7 34. Kg1 Rf7 35.
Ng3 Ref8 36. R1e2 Bxc2 37. Qxc2 Qd8 38. Nh5 Qg5 39. Nxg7 Qxg7 40. Rg3 Qf6 41.
Qd2 Rg7 42. Ree3 Rgf7 43. Re2 Qh4 44. Qd4 Qd8 45. Rg4 Qf6 46. Rg3 Rg7 47. Rxg7
Qxg7 48. Kh1 Qf6 49. Kg1 Rg8 50. Re3 Rg7 51. Rg3 Rxg3 52. fxg3 Qg6 53. Qh4 Kg7
54. Qe7+ Nf7 55. Kh2 Qc2 56. Qb7 Qf2 57. b4 h5 58. Qxa6 Ng5 59. Kh1 Ne4 60. Qb6
Nxg3+ 61. Kh2 Nf1+ 62. Kh1 Ne3 63. Qc7+ Qf7 64. Qxf7+ Kxf7 65. a6 Nxd5 66. g4
hxg4 67. hxg4 Kf6 68. a7 Nb6 69. Kg2 Na8 70. Kf3 Kg5 71. Kg3 Nb6 72. Kf3 1/2-1/2

[Event "World Youth Girl U18 2016"]
[Site "Khanty-Mansiysk RUS"]
[Date "2016.09.25"]
[Round "4.2"]
[White "Heinemann, Josefine"]
[Black "Khomeriki, Nino"]
[Result "0-1"]
[WhiteTitle "WIM"]
[BlackTitle "WIM"]
[WhiteElo "2242"]
[BlackElo "2357"]
[WhiteFideId "12900460"]
[BlackFideId "13603191"]
[EventDate "2016.09.22"]

1. e4 e5 2. Nf3 Nc6 3. Bb5 a6 4. Ba4 Nf6 5. O-O Be7 6. Re1 b5 7. Bb3 O-O 8. a4
Bb7 9. Nc3 b4 10. Nd5 Na5 11. Ba2 Nxd5 12. Bxd5 c6 13. Ba2 d6 14. c3 c5 15. d4
exd4 16. cxb4 Nc6 17. bxc5 dxc5 18. Bd5 Qb6 19. Nd2 Na5 20. Nc4 Nxc4 21. Bxc4
Bc8 22. b3 Be6 23. Qd3 Rab8 24. Rb1 Bxc4 25. Qxc4 Qe6 26. Ba3 Rfd8 27. Qxe6 fxe6
28. Kf1 d3 29. Red1 Kf7 30. f3 Rd7 31. Rbc1 Rxb3 32. Bxc5 d2 0-1

[Event "World Youth Girl U18 2016"]
[Site "Khanty-Mansiysk RUS"]
[Date "2016.09.25"]
[Round "4.3"]
[White "Fiadosenka, Rahneda"]
[Black "Wozniak, Mariola"]
[Result "0-1"]
[BlackTitle "WIM"]
[WhiteElo "2059"]
[BlackElo "2246"]
[WhiteFideId "13503740"]
[BlackFideId "1152050"]
[EventDate "2016.09.22"]

1. e4 c5 2. Nc3 g6 3. f4 Bg7 4. Nf3 Nc6 5. Bc4 e6 6. O-O Nge7 7. e5 d5 8. Bb5
O-O 9. Bxc6 Nxc6 10. d3 Rb8 11. Na4 Qe7 12. c4 Rd8 13. Qe2 b6 14. Nc3 Nd4 15.
Nxd4 cxd4 16. Nb5 dxc4 17. dxc4 d3 18. Qe3 Ba6 19. Bd2 Bxb5 20. cxb5 Bf8 21. b4
Rd5 22. a4 Rbd8 23. Rac1 Rd4 24. Rc6 Rxb4 25. Kh1 Rxa4 26. Rfc1 Qd7 27. f5 exf5
28. e6 fxe6 29. Rc7 Qd5 30. Qh3 h5 31. Qg3 Rg4 32. Qf3 Qxf3 33. gxf3 Rgd4 34.
Rxa7 R4d7 35. Ra6 Bc5 36. f4 Kf7 37. Kg2 Rd4 38. Kf3 R8d7 39. Rd1 Re4 40. h4 Re2
41. Raa1 Bf2 42. Ra3 Bxh4 43. Be3 Rb2 44. Raxd3 Rxd3 45. Rxd3 Rxb5 46. Rd7+ Be7
47. Rb7 e5 48. fxe5 Rxe5 49. Bd4 Re4 50. Bxb6 g5 51. Be3 g4+ 52. Kf2 Kg6 53.
Rb6+ Bf6 54. Bc1 Rc4 55. Ba3 Kg5 56. Rb8 g3+ 57. Kf1 f4 58. Rg8+ Kf5 59. Rf8 f3 0-1

[Event "World Youth Girl U18 2016"]
[Site "Khanty-Mansiysk RUS"]
[Date "2016.09.25"]
[Round "4.4"]
[White "Balajayeva, Khanim"]
[Black "Lahav, Michal"]
[Result "1/2-1/2"]
[WhiteTitle "WFM"]
[WhiteElo "2147"]
[BlackElo "2054"]
[WhiteFideId "13406396"]
[BlackFideId "2813742"]
[EventDate "2016.09.22"]

1. e4 e6 2. d4 d5 3. Nc3 Nf6 4. Bg5 Bb4 5. e5 h6 6. Bd2 Bxc3 7. bxc3 Ne4 8. Qg4
g6 9. Qf4 c5 10. Bd3 Nxd2 11. Qxd2 Bd7 12. a4 c4 13. Be2 a5 14. h4 Bc6 15. h5 g5
16. f4 Nd7 17. fxg5 Qxg5 18. Qxg5 hxg5 19. Nh3 Ke7 20. Nxg5 Rag8 21. Nh3 Rxg2
22. Nf4 Rgg8 23. Kd2 Rh6 24. Rhf1 Rg3 25. Rab1 Nf8 26. Rf3 Rg7 27. Ke3 Nh7 28.
Bf1 Rg1 29. Kf2 Ng5 30. Kxg1 Nxf3+ 31. Kf2 Nd2 32. Ra1 Ne4+ 33. Kf3 Rh8 34. Bh3
Ng5+ 35. Kg3 Rg8 36. Bg4 Ne4+ 37. Kh4 Nxc3 38. h6 Ne4 39. Kh5 Ng3+ 40. Kh4 Nf5+
41. Bxf5 exf5 42. Kh5 Rh8 43. Rg1 Kf8 44. e6 Be8 45. e7+ Kxe7 46. Nxd5+ Ke6 47.
Nc7+ Kd7 48. Nxe8 Kxe8 49. Rb1 f4 50. Rxb7 f3 51. Rb5 Ke7 52. Rf5 Rg8 53. Rxf3
Rg2 54. Rc3 Kf6 55. Rf3+ Ke7 56. Kh4 Rg6 57. Kh5 Rg2 1/2-1/2

[Event "World Youth Girl U18 2016"]
[Site "Khanty-Mansiysk RUS"]
[Date "2016.09.25"]
[Round "4.5"]
[White "Unuk, Laura"]
[Black "Krasnokutskaya, Sofiya"]
[Result "1-0"]
[WhiteTitle "WIM"]
[WhiteElo "2332"]
[BlackElo "2086"]
[WhiteFideId "14609215"]
[BlackFideId "14150735"]
[EventDate "2016.09.22"]

1. Nf3 Nf6 2. d4 e6 3. c4 b6 4. g3 Bb7 5. Bg2 Be7 6. O-O O-O 7. Re1 d5 8. cxd5
exd5 9. Nc3 Na6 10. Bf4 c5 11. dxc5 Nxc5 12. Nd4 Nfe4 13. Qc2 Nxc3 14. bxc3 Bf6
15. Rad1 Qd7 16. Nf5 Bc6 17. Nd4 Bb7 18. c4 dxc4 19. Nf5 Qe6 20. Rd6 Be4 21.
Rxe6 Bxc2 22. Nh6+ gxh6 23. Rxf6 Rad8 24. Bxh6 Rfe8 25. Rc1 Bg6 26. Bf3 b5 27.
Bc6 Rxe2 28. Bxb5 Ne4 29. Bxc4 Rb2 30. Rf4 Nd2 31. Bd5 Rbb8 32. Rc5 Nb1 33. h4
Rd6 34. Rg4 Nc3 35. Bb3 Ne2+ 36. Kg2 Kh8 37. h5 f5 38. hxg6 1-0

[Event "World Youth Girl U18 2016"]
[Site "Khanty-Mansiysk RUS"]
[Date "2016.09.25"]
[Round "4.6"]
[White "Shivacheva, Donika"]
[Black "Uuriintuya, Uurtsaikh"]
[Result "0-1"]
[BlackTitle "WIM"]
[WhiteElo "2063"]
[BlackElo "2228"]
[WhiteFideId "2900840"]
[BlackFideId "4900227"]
[EventDate "2016.09.22"]

1. e4 c5 2. Nc3 Nc6 3. f4 g6 4. Nf3 Bg7 5. Bb5 Nd4 6. O-O a6 7. Bd3 d6 8. Nxd4
cxd4 9. Ne2 Nf6 10. Kh1 e5 11. c3 O-O 12. cxd4 exd4 13. Nxd4 Re8 14. f5 Nxe4 15.
fxg6 hxg6 16. Qf3 Ng5 17. Qf2 Qb6 18. Bc4 Bxd4 19. Bxf7+ Kg7 20. Qf4 Rf8 21.
Qxg5 Rxf7 22. Re1 Qb5 23. Qh4 Rf1+ 0-1

[Event "World Youth Girl U18 2016"]
[Site "Khanty-Mansiysk RUS"]
[Date "2016.09.25"]
[Round "4.7"]
[White "Mahalakshmi, M"]
[Black "Uktamova, Marjona"]
[Result "1-0"]
[WhiteTitle "WIM"]
[WhiteElo "2221"]
[BlackElo "1542"]
[WhiteFideId "5001080"]
[BlackFideId "14209128"]
[EventDate "2016.09.22"]

1. Nf3 d5 2. g3 g6 3. Bg2 Bg7 4. O-O Nf6 5. d4 O-O 6. c4 c6 7. Nc3 Nbd7 8. cxd5
Nxd5 9. Nxd5 cxd5 10. Bf4 Nb6 11. Rc1 Nc4 12. b3 Nd6 13. Ne5 Be6 14. Nd3 Rc8 15.
Nc5 Bf5 16. Bxd5 b6 17. Nb7 Nxb7 18. Bxb7 Rxc1 19. Qxc1 Qxd4 20. Rd1 Qb4 21. Qc7
Qa5 22. Rd2 e5 23. Be3 Be6 24. Kg2 h6 25. Qe7 Kh7 26. h4 Qb5 27. h5 Re8 28.
hxg6+ fxg6 29. Qc7 e4 30. Bc6 Bh3+ 31. Kxh3 Qh5+ 32. Kg2 Rf8 33. Rd7 Rg8 34. Bd4
Qxe2 35. Rxg7+ Rxg7 36. Qxg7# 1-0

[Event "World Youth Girl U18 2016"]
[Site "Khanty-Mansiysk RUS"]
[Date "2016.09.25"]
[Round "4.8"]
[White "Santeramo, Alessia"]
[Black "Gazikova, Veronika"]
[Result "1-0"]
[WhiteTitle "WFM"]
[BlackTitle "WFM"]
[WhiteElo "2001"]
[BlackElo "2213"]
[WhiteFideId "850810"]
[BlackFideId "14919311"]
[EventDate "2016.09.22"]

1. e4 g6 2. d4 Bg7 3. Nc3 c6 4. Bc4 b5 5. Bb3 d6 6. Qf3 e6 7. Nge2 Nd7 8. Bf4
Nb6 9. e5 d5 10. h4 h6 11. Nd1 a5 12. c3 Ba6 13. a3 Qc7 14. Ne3 Ne7 15. Ng4
O-O-O 16. Nc1 c5 17. dxc5 Nd7 18. Nd3 h5 19. Nf6 Nxc5 20. Nxc5 Qxc5 21. O-O Nf5
22. g3 Bb7 23. Bc2 Bxf6 24. exf6 Nd6 25. b4 axb4 26. cxb4 Qb6 27. Rfc1 Nc4 28.
Bd3 Kd7 29. Rd1 Rc8 30. Qe2 Rhe8 31. a4 d4 32. axb5 Qxb5 33. Ra7 Qb6 34. Rxb7+
Qxb7 35. Bxc4 e5 36. Bb5+ 1-0

[Event "World Youth Girl U18 2016"]
[Site "Khanty-Mansiysk RUS"]
[Date "2016.09.25"]
[Round "4.9"]
[White "Abdusattorova, Bakhora"]
[Black "Lingur, Zalina"]
[Result "0-1"]
[WhiteTitle "WFM"]
[BlackTitle "WFM"]
[WhiteElo "2177"]
[BlackElo "1986"]
[WhiteFideId "14204126"]
[BlackFideId "34165670"]
[EventDate "2016.09.22"]

1. d4 Nf6 2. c4 e6 3. Nc3 Bb4 4. e3 O-O 5. Ne2 d5 6. a3 Bd6 7. Ng3 c5 8. dxc5
Bxc5 9. b4 Be7 10. Bb2 Nc6 11. Be2 dxc4 12. Bxc4 b6 13. Qc2 Ne5 14. Be2 Bb7 15.
O-O Qc7 16. Rac1 Rac8 17. f4 Ned7 18. Bd3 a5 19. Qe2 Qb8 20. Na2 Qa8 21. Bd4
axb4 22. axb4 Rxc1 23. Rxc1 Rc8 24. Rxc8+ Qxc8 25. e4 Qc7 26. Be3 Qc8 27. Bd2
Qa8 28. Bc3 Qa3 29. Bb5 Nf8 30. Bc4 Qa8 31. Bd3 N8d7 32. Nc1 Qc8 33. Qd2 Nb8 34.
Nce2 Nc6 35. Qb2 Qf8 36. b5 Bc5+ 37. Kf1 Nb4 38. Bxb4 Bxb4 39. h3 Bc5 40. Qb1 h6
41. Nc3 Qd6 42. Nce2 Qd8 43. Ke1 h5 44. Nf1 Qa8 45. Nd2 Qa5 46. Kd1 Bb4 47. Nb3
Qa4 48. Nc1 Ba3 49. Ne2 Nxe4 50. Bxe4 Qxe4 51. Qa1 Bb4 52. Qb2 Qxg2 53. Nbd4
Qf1+ 54. Kc2 Bc5 55. Kd2 Qxh3 56. Qc2 Bb4+ 57. Kc1 Qe3+ 58. Kb2 Ba3+ 59. Ka1 Bc5
60. Nb3 Be4 61. Qd1 Bd5 62. Nxc5 Qxc5 63. Qa4 Qc4 0-1

[Event "World Youth Girl U18 2016"]
[Site "Khanty-Mansiysk RUS"]
[Date "2016.09.25"]
[Round "4.10"]
[White "Hu, Yu A."]
[Black "Vidic, Teja"]
[Result "1-0"]
[BlackTitle "WFM"]
[WhiteElo "2049"]
[BlackElo "2121"]
[WhiteFideId "8609993"]
[BlackFideId "14605511"]
[EventDate "2016.09.22"]

1. e4 c5 2. Nf3 d6 3. d4 cxd4 4. Nxd4 Nf6 5. Nc3 Nc6 6. Bc4 g6 7. f3 Qb6 8. Nb3
Ne5 9. Bb5+ Ned7 10. Bg5 Nh5 11. Nd5 Qd8 12. Qd4 Bg7 13. Qc4 Nf6 14. Nc7+ Kf8
15. Nxa8 Ne5 16. Qc7 1-0

[Event "World Youth Girl U18 2016"]
[Site "Khanty-Mansiysk RUS"]
[Date "2016.09.25"]
[Round "4.11"]
[White "Parhomenko, Margarita"]
[Black "Ghukasyan, Siranush"]
[Result "0-1"]
[WhiteElo "1940"]
[BlackElo "2106"]
[WhiteFideId "11603216"]
[BlackFideId "13300946"]
[EventDate "2016.09.22"]

1. Nf3 d5 2. b3 Nf6 3. Bb2 e6 4. e3 Be7 5. Ne5 O-O 6. f4 c5 7. Bd3 b6 8. O-O Bb7
9. c4 Nc6 10. Nxc6 Bxc6 11. Bc2 Rc8 12. Qe2 Qd7 13. d3 Ne8 14. e4 Bf6 15. e5 Be7
16. Nd2 g6 17. Nf3 Ng7 18. g4 b5 19. Bc3 Qb7 20. Rab1 Rcd8 21. Be1 a6 22. Bg3
Rd7 23. Nh4 dxc4 24. bxc4 Qa8 25. Qe3 Qd8 26. Nf3 Qa5 27. Bb3 Rfd8 28. Rfd1 Qb6
29. Bf2 Qb7 30. Ne1 Qc7 31. Qg3 Ba8 32. Rbc1 Qc6 33. Kf1 b4 34. Qg1 a5 35. Rd2
Qc7 36. Bd1 g5 37. Qg3 h6 38. Be3 f6 39. exf6 Bxf6 40. fxg5 Be5 41. Qh3 Rf8+ 42.
Kg1 hxg5 43. Bf3 Bf4 44. Bxa8 Rxa8 45. Ng2 e5 46. Re1 Qd6 47. Qf3 Rf8 48. Qe4 a4
49. h4 Bg3 50. Bf2 gxh4 51. Bxg3 hxg3 52. Qxe5 Qh6 53. Ne3 Rxd3 54. Rde2 Qh3 55.
Nd5 Kh8 56. Ne7 Qxg4 57. Qxc5 Rdf3 58. Qc6 Qd4+ 59. Re3 Rf1+ 60. Kg2 R8f2+ 0-1

[Event "World Youth Girl U18 2016"]
[Site "Khanty-Mansiysk RUS"]
[Date "2016.09.25"]
[Round "4.12"]
[White "Assaubayeva, Bibisara"]
[Black "Albekova, Dilyara"]
[Result "1-0"]
[WhiteTitle "WFM"]
[WhiteElo "2287"]
[BlackElo "1784"]
[WhiteFideId "13708694"]
[BlackFideId "13705628"]
[EventDate "2016.09.22"]

1. d4 d5 2. c4 c6 3. Nf3 Nf6 4. Nc3 a6 5. g3 b5 6. b3 e6 7. Bg2 Bb4 8. Bd2 Bxc3
9. Bxc3 Ne4 10. Bb2 O-O 11. O-O Bb7 12. Ne5 f6 13. Nd3 Nd6 14. cxd5 exd5 15. Ba3
Re8 16. Re1 a5 17. Bxd6 Qxd6 18. Nc5 Ba6 19. e4 dxe4 20. Bxe4 Rd8 21. Qh5 h6 22.
Qg6 Nd7 23. Qh7+ Kf8 24. Bg6 Ne5 25. Qh8+ 1-0

[Event "World Youth Girl U18 2016"]
[Site "Khanty-Mansiysk RUS"]
[Date "2016.09.25"]
[Round "4.13"]
[White "Trippold, Denise"]
[Black "Kanakova, Natalie"]
[Result "0-1"]
[WhiteTitle "WFM"]
[WhiteElo "2068"]
[BlackElo "2175"]
[WhiteFideId "1625594"]
[BlackFideId "350486"]
[EventDate "2016.09.22"]

1. d4 Nf6 2. c4 e6 3. Nf3 b6 4. g3 Ba6 5. b3 Bb4+ 6. Bd2 Be7 7. Bg2 c6 8. Bc3 d5
9. Ne5 Nfd7 10. Nxd7 Nxd7 11. Nd2 O-O 12. O-O Nf6 13. e4 b5 14. e5 Nd7 15. Re1
bxc4 16. bxc4 Nb6 17. cxd5 cxd5 18. Ba5 Qd7 19. Bxb6 axb6 20. Qb3 Bb5 21. Rab1
Ra5 22. Rec1 Ba3 23. Rc3 Rfa8 24. Qc2 Ra4 25. Rc7 Qe8 26. Qc3 Bf8 27. Qb2 Qd8
28. Qc3 Ra3 29. Qc1 Bd3 30. Rxb6 Rxa2 31. Rcb7 Rxd2 32. Qxd2 Ra1+ 33. Bf1 Bxf1
34. Rb1 Rxb1 35. Rxb1 Bc4 36. Rb7 Qa8 37. Qb2 Qa4 38. Qc1 Ba6 39. Ra7 Qc4 40.
Qa1 Bb5 41. h4 h5 42. Ra8 Qb4 43. Kh2 Be2 44. Qa7 Bf3 45. Qa1 g6 46. Ra4 Qd2 47.
Ra2 Qd3 48. Ra3 Bxa3 0-1

[Event "World Youth Girl U18 2016"]
[Site "Khanty-Mansiysk RUS"]
[Date "2016.09.25"]
[Round "4.14"]
[White "Auvray, Honorine"]
[Black "Drogovoz, Irina"]
[Result "0-1"]
[WhiteTitle "WFM"]
[BlackTitle "WIM"]
[WhiteElo "1961"]
[BlackElo "2144"]
[WhiteFideId "600512"]
[BlackFideId "4176715"]
[EventDate "2016.09.22"]

1. e4 c5 2. Nf3 d6 3. d4 cxd4 4. Nxd4 Nf6 5. Nc3 a6 6. Nb3 Nc6 7. Be3 e6 8. g4
h6 9. f4 Be7 10. h4 Nd7 11. Bf2 Qc7 12. Qf3 b5 13. O-O-O Bb7 14. Rg1 d5 15. exd5
Nb4 16. Qe3 Nxd5 17. Nxd5 Bxd5 18. g5 Bd6 19. Bg3 Rc8 20. Bd3 Bxb3 21. axb3 Bc5
22. Qe2 Bxg1 23. Rxg1 Nc5 24. Kb1 Nxd3 25. Qxd3 hxg5 26. fxg5 Qb6 27. Rf1 Qc6
28. Qe2 O-O 29. Be5 Rfd8 30. h5 Rd5 31. h6 Qxc2+ 32. Qxc2 Rxc2 33. Bxg7 Rcd2 34.
Kc1 Rg2 35. Rh1 Kh7 36. Bf6 Rdxg5 37. Bxg5 Rxg5 38. Kb1 Rg6 39. Rd1 Kxh6 40. Rd6
e5 41. Rd7 f5 42. Rf7 Kg5 0-1

[Event "World Youth Girl U18 2016"]
[Site "Khanty-Mansiysk RUS"]
[Date "2016.09.25"]
[Round "4.15"]
[White "Marjina, Arina"]
[Black "Oljobai Kyzy, Alisa"]
[Result "1-0"]
[WhiteTitle "WFM"]
[WhiteElo "2076"]
[BlackElo "1672"]
[WhiteFideId "34100242"]
[BlackFideId "13801953"]
[EventDate "2016.09.22"]

1. e4 e5 2. Nf3 Nc6 3. Nc3 Bc5 4. Nxe5 Nxe5 5. d4 Bd6 6. dxe5 Bxe5 7. f4 Bxc3+
8. bxc3 Ne7 9. Bd3 d5 10. O-O dxe4 11. Bxe4 Qxd1 12. Rxd1 f5 13. Bf3 Kf7 14. Ba3
Ng6 15. Re1 Rd8 16. g3 Rd2 17. h4 Be6 18. h5 Nf8 19. Rac1 c6 20. Re3 Re8 21.
Rce1 Nd7 22. g4 Nb6 23. gxf5 Bd7 24. Rxe8 Bxe8 25. Re7+ Kf6 26. Rxe8 Kxf5 27.
Rf8+ Ke6 28. Bg4+ 1-0

[Event "World Youth Girl U18 2016"]
[Site "Khanty-Mansiysk RUS"]
[Date "2016.09.25"]
[Round "4.16"]
[White "Nguyen, Thanh Thuy Tien"]
[Black "Mamontova, Anastasia"]
[Result "1-0"]
[WhiteTitle "WIM"]
[BlackTitle "WFM"]
[WhiteElo "1978"]
[BlackElo "2021"]
[WhiteFideId "12400998"]
[BlackFideId "34100234"]
[EventDate "2016.09.22"]

1. Nf3 Nc6 2. c4 e5 3. d3 f5 4. a3 a5 5. Nc3 d6 6. g3 g6 7. Bg2 Bg7 8. Rb1 Nge7
9. Nd5 Nxd5 10. cxd5 Ne7 11. e4 h6 12. O-O O-O 13. Bd2 c6 14. dxc6 bxc6 15. Bc3
g5 16. Re1 Ng6 17. exf5 Bxf5 18. b4 axb4 19. Bxb4 Qf6 20. Nd2 Ra6 21. Qc2 Kh8
22. a4 c5 23. Bc3 Bd7 24. Ne4 Qe7 25. a5 d5 26. Nd2 Qf7 27. Rf1 Bf5 28. Rb5 Rc8
29. Rfb1 Bd7 30. Rb7 Rf8 31. Nf1 d4 32. Be1 c4 33. dxc4 Qe8 34. Be4 Ne7 35. Bb4
Raf6 36. Be1 Bc6 37. Bxc6 Nxc6 38. a6 e4 39. a7 Nxa7 40. Rxa7 e3 41. Rbb7 Rg6
42. fxe3 Qc6 43. Bf2 dxe3 44. Nxe3 Bd4 45. Rh7+ Kg8 46. c5 Re6 47. Rh8+ 1-0

[Event "World Youth Girl U18 2016"]
[Site "Khanty-Mansiysk RUS"]
[Date "2016.09.25"]
[Round "4.17"]
[White "Fuentes Godoy, Lilia Ivonne"]
[Black "Bandara, T B S H"]
[Result "1-0"]
[WhiteTitle "WIM"]
[WhiteElo "2142"]
[BlackElo "1543"]
[WhiteFideId "5104130"]
[BlackFideId "9918477"]
[EventDate "2016.09.22"]

1. d4 d5 2. c4 e6 3. Nf3 c5 4. cxd5 exd5 5. g3 Nf6 6. Bg2 Be7 7. O-O O-O 8. Nc3
Nc6 9. dxc5 Bxc5 10. Na4 Be7 11. Be3 Re8 12. h3 Be6 13. Rc1 Qd7 14. Kh2 Rac8 15.
Nc3 Ne4 16. Nb5 a6 17. Nbd4 Nxd4 18. Bxd4 Rxc1 19. Qxc1 Rc8 20. Qe3 Bf6 21. Ne5
Bxe5 22. Bxe5 f6 23. Bd4 Nd6 24. Rd1 Nf5 25. Qb3 Rc4 26. Ba7 b5 27. Bb6 Qd6 28.
Ba5 Ra4 29. Bxd5 Bxd5 30. Rxd5 Qe6 31. Rd8+ Kf7 32. Rf8+ Ke7 33. Re8+ Kxe8 34.
Qxe6+ Kf8 35. Qxf5 Rxa5 36. Qc8+ Kf7 37. Qc7+ 1-0

[Event "World Youth Girl U18 2016"]
[Site "Khanty-Mansiysk RUS"]
[Date "2016.09.25"]
[Round "4.18"]
[White "Yakimenko, Anastasia"]
[Black "Hwang, Chyi"]
[Result "1-0"]
[WhiteElo "1983"]
[BlackElo "1356"]
[WhiteFideId "24174980"]
[BlackFideId "16300920"]
[EventDate "2016.09.22"]

1. e4 e5 2. Nf3 Nc6 3. Bb5 Bc5 4. O-O d6 5. c3 Bd7 6. d4 exd4 7. cxd4 Bb6 8. Nc3
Nge7 9. a4 O-O 10. Bg5 f6 11. Be3 Bg4 12. Be2 d5 13. Qb3 Kh8 14. exd5 Bxf3 15.
Bxf3 Nxd4 16. Bxd4 Bxd4 17. Ne2 Bc5 18. Nf4 Rb8 19. Ne6 Qc8 20. Nxc5 Nf5 21. Bg4
Nd4 22. Qd1 Nf5 23. Ne6 g6 24. Nxf8 Qxf8 25. Bxf5 gxf5 1-0

[Event "World Youth Girl U18 2016"]
[Site "Khanty-Mansiysk RUS"]
[Date "2016.09.25"]
[Round "4.19"]
[White "Jibuti, Nata"]
[Black "Suchomelova, Simona"]
[Result "1/2-1/2"]
[WhiteTitle "WFM"]
[WhiteElo "1865"]
[BlackElo "1958"]
[WhiteFideId "13603094"]
[BlackFideId "348864"]
[EventDate "2016.09.22"]

1. e4 e6 2. d4 d5 3. Nc3 Nf6 4. Bg5 dxe4 5. Nxe4 Be7 6. Bd3 Nc6 7. Nf3 O-O 8.
Bxf6 Bxf6 9. c3 g6 10. Nxf6+ Qxf6 11. O-O e5 12. dxe5 Nxe5 13. Nxe5 Qxe5 14. Re1
Qf6 15. Qb3 b6 16. Be4 Be6 17. Qc2 Rad8 18. a4 Rd6 19. Red1 Rfd8 20. Rxd6 Rxd6
21. Rd1 Qd8 22. Rxd6 Qxd6 23. b4 a5 24. bxa5 bxa5 25. h3 Qa3 26. Bc6 Qc5 27. Bf3
Qc4 28. Bd1 Bd7 29. Qb3 Qxb3 30. Bxb3 Kf8 31. Kf1 Ke7 32. Ke2 Be6 33. Bc2 Bc4+
34. Ke3 c5 35. g3 h6 36. h4 g5 37. hxg5 hxg5 38. Ke4 Ke6 39. Bd1 Bd5+ 40. Ke3 f6
41. Bc2 Ke5 1/2-1/2

[Event "World Youth Girl U18 2016"]
[Site "Khanty-Mansiysk RUS"]
[Date "2016.09.25"]
[Round "4.20"]
[White "Alijanzadeh, Mohadeseh"]
[Black "Xiang, Evan"]
[Result "0-1"]
[BlackTitle "WFM"]
[WhiteElo "1824"]
[BlackElo "1948"]
[WhiteFideId "12508632"]
[BlackFideId "2005816"]
[EventDate "2016.09.22"]

1. e4 d5 2. exd5 Qxd5 3. Nc3 Qd6 4. d4 g6 5. Nf3 Bg7 6. Nb5 Qb6 7. c4 c6 8. Nc3
Nh6 9. c5 Qd8 10. Bc4 Nf5 11. Ne2 O-O 12. Bf4 b6 13. cxb6 axb6 14. Ne5 Nd6 15.
Bd3 Be6 16. O-O Qc8 17. Qc2 Qb7 18. h4 f6 19. Nf3 Bd5 20. h5 Bxf3 21. gxf3 e5
22. hxg6 hxg6 23. dxe5 fxe5 24. Bg3 Rxf3 25. Bxg6 Na6 26. Rad1 Nb4 27. Qd2 Nd5
28. Qg5 Nf7 29. Qh5 Rf6 30. Bh4 Rd6 31. Ng3 Kf8 32. Qh7 Ra4 33. Nh5 Rg4+ 34. Ng3
Rdxg6 35. Qh5 Qd7 36. Qf5 0-1